000 01057cam a22003257a 4500
003 CHAP
005 20220329141652.0
008 971013c19551956 r 00010 d
010 _a71924
011 _a72896
035 _a82452
040 _cCHAP
082 _a621.3
_bD38
100 0 0 _aDawes, Chester l.
_931313
245 1 2 _aA course in electrical engineering
250 _a4 ed.
260 _aNew York :
_bMcGraw-Hilol,
_c1955-1956
300 _a2 v.
_b: ilus.
505 _aContenido : v.1 Direct current v.2 - Alternating currents
590 _aBATCH-UPD
_b10
_c20130110
_lUCH01
_h0523
590 _aBATCH-UPD
_b10
_c20130110
_lUCH01
_h2157
590 _aBATCH-UPD
_b10
_c20130410
_lUCH01
_h0202
590 _aBATCH-UPD
_b10
_c20130914
_lUCH01
_h1137
590 _aCONVERSION
_b10
_c20130109
_lUCH01
_h1339
650 1 4 _aIngeniería eléctrica.
_958223
901 _aBK
942 _cLIBRO
949 _a621.3 D38
_bBC
_cLIBRO
_d33724000015301
_eLIBRO
_fv.1
_h18572
_i82452
_si
949 _a621.3 D38
_bBC
_cLIBRO
_d33724000015319
_eLIBRO
_fv.2
_h18573
_i82452
_si
999 _c71924
_d71924